| 000 | 01686cam a22004694i 4500 | ||
|---|---|---|---|
| 003 | PE-LiUPU | ||
| 005 | 20250731173503.0 | ||
| 008 | 150616s1987 xxk r 000 0 eng d | ||
| 020 | _a0824507932 | ||
| 035 | _a(Sirsi) i9780824507930 | ||
| 040 |
_aPE-LiUPU _bspa _cPE-LiUPU _erda |
||
| 049 | _aPRUA | ||
| 082 | 0 | 4 |
_a230.0924 _bK94 _221 |
| 100 | 1 |
_aKüng, Hans, _d1928-, _eautor. _93781 |
|
| 245 | 1 | 4 |
_aThe Incarnation of God / _cHans Kung. |
| 264 | 1 |
_aNew York : _bCrossroad, _c1987. |
|
| 300 |
_a601 páginas ; _c24 centímetros |
||
| 336 |
_atext _2rdacontent |
||
| 337 |
_aunmediated _2rdamedia |
||
| 338 |
_avolume _2rdacarrier |
||
| 505 | 0 | _aCHrist in Oblivion -- Concentration on Jesus -- The God-Man -- Turning to Philosophy -- Speculative Christology -- The System -- Jesus Christ in History -- Prolegomen a to a Future Christology. | |
| 526 | _aSEG42 | ||
| 526 | _aSEG41 | ||
| 526 | _aSEG40 | ||
| 526 | _aSEG39 | ||
| 526 | _aP94 | ||
| 526 | _aP87 | ||
| 526 | _aP86 | ||
| 526 | _aP85 | ||
| 526 | _aP77 | ||
| 526 | _aP76 | ||
| 526 | _aP35 | ||
| 600 | 1 |
_aHegel, Georg Wilhelm Friedrich, _d1700-1831 |
|
| 650 | 0 | 4 |
_aEncarnación. _93836 |
| 910 |
_ajck _bjvq _cjck |
||
| 942 |
_2ddc _cBOOK |
||
| 949 |
_a230.0924 K94 _wDEWEY _c1 _i40370 _d2015-10-16 _e2015-10-15 _lCCODEBUL1 _mBUL _n1 _r0 _sY _tBOOK _u2015-6-16 _xTEOLOGIA _zUNKNOWN _0COMPRA _o.STAFF. Colección Teología |
||
| 994 |
_aC0 _bPEPRU |
||
| 596 | _a1 | ||
| 999 |
_a230.0924 K94 _wDEWEY _c58176 _i40370 _d58176 _e2015-10-15 _f2021-11-9 _g6 _lCCODEBUL1 _mBUL _n1 _p30.00 _r0 _sY _tBOOK _u2015-6-16 _xTEOLOGIA _PP35 _0COMPRA _o.STAFF. Colección Teología |
||
| 980 |
_81 _gALBERTO SANCHEZ Responsable de Automatización |
||